| 000 | 01363nam a22003251i 4500 | ||
|---|---|---|---|
| 001 | ebr10811648 | ||
| 003 | CaPaEBR | ||
| 006 | m o d | ||
| 007 | cr cn||||||||| | ||
| 008 | 130706s2012 enk o 000 0 eng d | ||
| 020 | _a9780857722584 (e-book) | ||
| 020 | _z9781848856721 | ||
| 040 |
_aCaPaEBR _beng _erda _epn _cCaPaEBR |
||
| 035 | _a(OCoLC)855504593 | ||
| 050 | 1 | 4 |
_aDS298 _b.A457 2012eb |
| 100 | 1 |
_aAmirahmadi, Hooshang, _d1947- |
|
| 245 | 1 | 4 |
_aThe political economy of Iran under the Qajars : _bsociety, politics, economics and foreign relations 1796-1926 / _cHooshang Amirahmadi. |
| 264 | 1 |
_aLondon : _bI.B.Tauris, _c2012. |
|
| 300 | _a1 online resource (343 pages) | ||
| 336 |
_atext _2rdacontent |
||
| 337 |
_acomputer _2rdamedia |
||
| 338 |
_aonline resource _2rdacarrier |
||
| 588 | _aDescription based on online resource; title from PDF title page (ebrary, viewed December 23, 2013). | ||
| 590 | _aElectronic reproduction. Palo Alto, Calif. : ebrary, 2014. Available via World Wide Web. Access may be limited to ebrary affiliated libraries. | ||
| 650 | 0 |
_aEconomic development _zIran _xHistory. |
|
| 651 | 0 |
_aIran _xEconomic conditions. |
|
| 655 | 0 | _aElectronic books. | |
| 797 | 2 | _aebrary. | |
| 856 | 4 | 0 |
_uhttp://site.ebrary.com/lib/rucke/Doc?id=10811648 _zAn electronic book accessible through the World Wide Web; click to view |
| 999 |
_c147421 _d147421 |
||